000 00978naa a2200289 c 4500
001 38794
003 ES-MaCES
005 20090505121600.0
008 090505n2009 sp t 000 | spa d
035 _aCES20090002372v
040 _aES-MaCES
_bspa
_cES-MaCES
100 1 _aPardo, Celestino
_920358
245 1 3 _aEl origen del registro de la propiedad español
_cCelestino Pardo
650 4 _aEspaña
_926964
650 4 _aderecho de sucesiones
_930973
650 4 _aprocedimiento judicial
_929889
650 4 _aprotección del consumidor
_929407
650 4 _aestudio de mercado
_927924
650 4 _abienes inmuebles
_931214
650 4 _avivienda
_928598
650 4 _aregistro de la propiedad
_931123
653 1 0 _aDerecho procesal
773 0 _tFoment del treball nacional
_gn. 2124 (2009/1){10479 R. 073719}; p. 11-21
_w(ES-MaCES)25736
_970903
902 _aART Artículo de revista
942 _2CES
_cAR
_h6.0.9.
999 _c38794
_d38794